000 00624nam a2200193Ia 4500
005 20250508155731.0
008 008 250505s9999 xx 000 0 eng d
037 _aTextual
040 _aFEDL
_beng
_cFEDL
041 _aeng
_2eng
084 _a155.4, COG
_qFEDL
100 _aCoghill G.E.
_9767364
245 0 _aEarly embryonic somatic movements in birds and in mammals other than man
260 _aWashington, USA
_bSociety for Research in Child Development, National Research Council
_c1940
300 _a48p.
650 _aChild Psychology
942 _cTEXL
_h155.4, COG
999 _c1359004
_d1359004